All Countries That Ever Reached Top 4 At FIFA World Cup - Statistics

General Stats
  • This quiz has been taken 70 times
  • The average score is 22 of 25
Answer Stats
# Hightest Country % Correct
11 Winner Brazil
100%
7 Winner France
100%
13 Winner Germany
98%
5 Winner Uruguay
98%
6 Winner Argentina
97%
3 Winner England
97%
9 Winner Italy
97%
2 Winner Spain
97%
3 Runner-Up Croatia
93%
5 Runner-Up Netherlands
93%
2 3rd Place Belgium
90%
2 3rd Place Portugal
88%
2 3rd Place Poland
86%
1 3rd Place United States
86%
1 4th Place South Korea
85%
4 Runner-Up Sweden
85%
2 Runner-Up Hungary
83%
1 4th Place Morocco
83%
1 3rd Place Chile
81%
1 4th Place Soviet Union
81%
2 3rd Place Austria
80%
2 Runner-Up Czechoslovakia
75%
1 3rd Place Turkey
75%
2 4th Place Yugoslavia
73%
1 4th Place Bulgaria
68%
No matching quizzes found
Score Distribution
Percent of People with Each Score
Percentile by Number Answered
Your Score History
You have not taken this quiz